=LDR 00000nam 2200000 4500 =001 INLIS000000000043397 =005 20230614112028 =035 ##$$a 0010-101300000001319 =008 230614################g##########0#ind## =041 ##$$a ind =082 ##$$a 720 =090 ##$$a 720, Sum a =100 ##$$a SUMALYO, Yulianto =245 1#$$a Arsitektur klasik eropa, /$c Yulianto Sumalyo =260 ##$$a Yogyakarta :$b Gadjah Mada University,$c 2003 =300 ##$$a 561 hlm, : $b ilus, ; $c 28 cm =850 ##$$a NBPNMAT =020 ##$$a 979-420-531-1 =084 ##$$a 720 SUM a =650 #4$$a Arsitektur =990 ##$$a 20601535 =990 ##$$a 32563256 =990 ##$$a 20601532 =990 ##$$a 20601535